[Event "26th Rilton Cup"]
[Site "Stockholm SWE"]
[Date "1996.12.27"]
[Round "1.1"]
[White "Smyslov, Vassily"]
[Black "Upmark, Johan"]
[Result "1/2-1/2"]
[WhiteElo "2510"]
[BlackElo "2140"]
[EventDate "1996.12.27"]
[PlyCount "43"]

1.Nf3 Nf6 2.d4 g6 3.c4 Bg7 4.Nc3 d5 5.cxd5 Nxd5 6.Bd2 O-O 7.Rc1 Nc6 8.e3 
Nb6 9.Bb5 Bd7 10.O-O e5 11.Bxc6 Bxc6 12.Nxe5 Bxe5 13.dxe5 Nc4 14.Rc2 Qg5 
15.e4 Nxd2 16.Rxd2 Qxe5 17.f4 Qe7 18.Qe2 Rad8 19.Rfd1 Rxd2 20.Rxd2 Rd8 21.
Rxd8+ Qxd8 22.Qe3 1/2-1/2

[Event "26th Rilton Cup"]
[Site "Stockholm SWE"]
[Date "1996.12.27"]
[Round "1.2"]
[White "Taimanov, Mark"]
[Black "Engsner, Joakim"]
[Result "1/2-1/2"]
[WhiteElo "2470"]
[BlackElo "2265"]
[EventDate "1996.12.27"]
[PlyCount "96"]

1.Nf3 Nf6 2.b3 d5 3.e3 e6 4.Bb2 Bd6 5.d4 O-O 6.Nbd2 Ne4 7.Nxe4 dxe4 8.Nd2 
f5 9.g3 Nd7 10.Bg2 Qg5 11.Qe2 Nf6 12.O-O-O Bd7 13.f4 exf3 14.Bxf3 c6 15.
Kb1 Be8 16.Rde1 Bg6 17.h4 Qh6 18.h5 Bf7 19.g4 fxg4 20.Bxg4 Rfe8 21.Bf3 e5 
22.Nc4 Bxc4 23.Qxc4+ Kh8 24.Rhg1 e4 25.Bd1 Nd5 26.Qe2 Bb4 27.Ref1 Rf8 28.
Rxf8+ Rxf8 29.Qg4 Bc3 30.Qxe4 Bxb2 31.Kxb2 Qxe3 32.Qxe3 Nxe3 33.Be2 Nd5 
34.Bc4 Nf4 35.Rf1 g5 36.hxg6 hxg6 37.a4 Kg7 38.b4 g5 39.b5 cxb5 40.axb5 
Kf6 41.Ra1 g4 42.Rxa7 g3 43.Bf1 Rb8 44.c4 g2 45.Bxg2 Nxg2 46.Kc3 Ke6 47.
Kb4 Kd6 48.Ra2 Ne3 1/2-1/2

[Event "26th Rilton Cup"]
[Site "Stockholm SWE"]
[Date "1996.12.27"]
[Round "1.4"]
[White "Lindgren, Fredrik"]
[Black "Hansen, Curt"]
[Result "0-1"]
[WhiteElo "2205"]
[BlackElo "2595"]
[EventDate "1996.12.27"]
[PlyCount "80"]

1.d4 d6 2.Nf3 Nf6 3.c4 g6 4.Nc3 Bg7 5.e4 O-O 6.Be2 c5 7.d5 e6 8.O-O exd5 
9.exd5 Re8 10.h3 Bf5 11.Bd3 Bxd3 12.Qxd3 Nbd7 13.Bf4 Qb6 14.Rae1 a6 15.g4 
h6 16.Bg3 Rxe1 17.Rxe1 Re8 18.Ne4 Nxe4 19.Rxe4 Rxe4 20.Qxe4 Nf6 21.Qe7 
Qxb2 22.Bxd6 Qc1+ 23.Kg2 Qxc4 24.Be5 Nxd5 25.Qxb7 Bxe5 26.Qxf7+ Kxf7 27.
Nxe5+ Ke6 28.Nxc4 Nc3 29.f4 Kd5 30.Ne5 g5 31.Nd3 Nxa2 32.f5 c4 33.Ne1 Nb4 
34.Kf3 Ke5 35.Ke3 Nd5+ 36.Kd2 Ke4 37.Nc2 Kf3 38.Nb4 c3+ 39.Kd1 Nxb4 40.f6 
c2+ 0-1

[Event "26th Rilton Cup"]
[Site "Stockholm SWE"]
[Date "1996.12.27"]
[Round "1.5"]
[White "Hellers, Ferdinand"]
[Black "Hellborg, Theodor"]
[Result "1-0"]
[WhiteElo "2585"]
[BlackElo "2200"]
[EventDate "1996.12.27"]
[PlyCount "85"]

1.e4 c5 2.Nf3 e6 3.d4 cxd4 4.Nxd4 Nf6 5.Nc3 Nc6 6.Ndb5 d6 7.Bf4 e5 8.Bg5 
a6 9.Na3 b5 10.Bxf6 gxf6 11.Nd5 Bg7 12.Bd3 Ne7 13.Nxe7 Qxe7 14.c3 f5 15.
O-O O-O 16.Nc2 Bb7 17.exf5 Qg5 18.Ne3 h5 19.Bc2 d5 20.Nxd5 Rad8 21.Be4 
Bxd5 22.Bxd5 e4 23.Qb3 Qxf5 24.Rad1 Bh6 25.c4 h4 26.Qc2 bxc4 27.Qxc4 Rde8 
28.Rde1 Qf6 29.Rxe4 Rxe4 30.Qxe4 Qxb2 31.Qxh4 Bg7 32.Qc4 a5 33.Rd1 Qb4 34.
Qe2 Bf6 35.g3 Kg7 36.Qh5 Qe7 37.Rb1 Qe5 38.Qxe5 Bxe5 39.Rb7 Kg6 40.Kg2 f6 
41.f4 Bd6 42.Be4+ f5 43.Bd3 1-0

[Event "26th Rilton Cup"]
[Site "Stockholm SWE"]
[Date "1996.12.27"]
[Round "1.7"]
[White "Khenkin, Igor"]
[Black "Roenneland, Daniel"]
[Result "1/2-1/2"]
[WhiteElo "2575"]
[BlackElo "2190"]
[EventDate "1996.12.27"]
[PlyCount "43"]

1.d4 Nf6 2.c4 g6 3.Nc3 Bg7 4.e4 d6 5.f3 O-O 6.Nge2 c5 7.Be3 Nbd7 8.d5 a6 
9.Ng3 Ne5 10.Be2 e6 11.O-O exd5 12.cxd5 b5 13.Qd2 Re8 14.b3 b4 15.Nd1 a5 
16.a3 Bb7 17.Nb2 Ned7 18.Bh6 Bh8 19.Kh1 Nb6 20.axb4 axb4 21.Rxa8 Bxa8 22.
Nc4 1/2-1/2

[Event "26th Rilton Cup"]
[Site "Stockholm SWE"]
[Date "1996.12.27"]
[Round "1.10"]
[White "Hellstroem, Aake"]
[Black "Stefansson, Hannes Hlifar"]
[Result "0-1"]
[WhiteElo "2170"]
[BlackElo "2560"]
[EventDate "1996.12.27"]
[PlyCount "69"]

1.d4 Nf6 2.Nf3 e6 3.Bg5 h6 4.Bxf6 Qxf6 5.Nbd2 d6 6.c3 Nd7 7.e3 g6 8.Bd3 
Bg7 9.Qe2 Qe7 10.O-O e5 11.e4 O-O 12.dxe5 dxe5 13.Nc4 Nc5 14.Bc2 a5 15.Ne3
c6 16.a4 Ne6 17.Rfd1 b6 18.Nc4 Ba6 19.b3 Qc7 20.Bd3 Nc5 21.Qc2 Nxd3 22.
Qxd3 Rfd8 23.Qc2 Rxd1+ 24.Rxd1 b5 25.axb5 cxb5 26.Ne3 Bb7 27.Qd3 a4 28.
Qxb5 Bxe4 29.bxa4 Qxc3 30.Qc4 Qxc4 31.Nxc4 Bxf3 32.gxf3 Rxa4 33.Rd8+ Kh7 
34.Rd7 Rxc4 35.Rxf7 0-1

[Event "26th Rilton Cup"]
[Site "Stockholm SWE"]
[Date "1996.12.27"]
[Round "1.11"]
[White "Ulybin, Mikhail"]
[Black "Holving, Rasmus"]
[Result "1-0"]
[BlackElo "2170"]
[WhiteElo "2550"]
[EventDate "1996.12.27"]
[PlyCount "51"]

1.Nf3 Nc6 2.d4 d5 3.c4 Bg4 4.cxd5 Bxf3 5.gxf3 Qxd5 6.e3 e5 7.Nc3 Bb4 8.Bd2
Bxc3 9.bxc3 exd4 10.cxd4 Nf6 11.Bg2 h5 12.O-O O-O-O 13.Qc2 Rhe8 14.Rab1 
Rd6 15.Rfc1 g5 16.Qb2 b6 17.e4 Nxe4 18.fxe4 Rxe4 19.Qb3 Qxd4 20.Be3 Qe5 
21.Qxf7 Rg4 22.h3 Rxg2+ 23.Kxg2 Rf6 24.Qxh5 Qe4+ 25.f3 Qe7 26.Re1 1-0

[Event "26th Rilton Cup"]
[Site "Stockholm SWE"]
[Date "1996.12.27"]
[Round "1.12"]
[White "Loven, Anders"]
[Black "Gleizerov, Evgeny"]
[Result "0-1"]
[WhiteElo "2170"]
[BlackElo "2545"]
[EventDate "1996.12.27"]
[PlyCount "100"]

1.e4 e6 2.d4 d5 3.Nd2 Nf6 4.e5 Nfd7 5.f4 c5 6.c3 Nc6 7.Ngf3 Qb6 8.Nb3 a5 
9.a4 Be7 10.dxc5 Nxc5 11.Nbd4 O-O 12.Bb5 Bd7 13.Be3 Rfd8 14.Nc2 Qc7 15.O-O
Rac8 16.Be2 Be8 17.Nfd4 Na7 18.Nb5 Nxb5 19.axb5 Nb3 20.Ra2 Bc5 21.Nd4 Nxd4
22.cxd4 Bb6 23.Bd3 Qe7 24.Ra4 f5 25.Kh1 Rc7 26.Qe1 Rdc8 27.Bd2 Qd8 28.Bc3 
Bd7 29.Qf2 Qe8 30.Qe2 Rxc3 31.bxc3 Rxc3 32.Rb1 Qc8 33.h3 Rc1+ 34.Kh2 Rxb1 
35.Bxb1 Qc1 36.Qd3 Qxf4+ 37.g3 Qf2+ 38.Kh1 Be8 39.g4 Bg6 40.Qd1 Qe3 41.Kh2
fxg4 42.Qxg4 Qf2+ 43.Kh1 Bxb1 44.Qxe6+ Qf7 45.Qc8+ Qf8 46.Qe6+ Kh8 47.Qxd5
Qf1+ 48.Kh2 Qf4+ 49.Kg1 Qc1+ 50.Kh2 Qc2+ 0-1

[Event "26th Rilton Cup"]
[Site "Stockholm SWE"]
[Date "1996.12.27"]
[Round "1.14"]
[White "Abedinov, Adnan"]
[Black "Hector, Jonny"]
[Result "1/2-1/2"]
[WhiteElo "2150"]
[BlackElo "2525"]
[EventDate "1996.12.27"]
[PlyCount "141"]

1.e4 e5 2.Nf3 Nc6 3.d4 exd4 4.Nxd4 Qf6 5.Be3 Bc5 6.c3 Qg6 7.f3 Nge7 8.Nf5 
Bxe3 9.Nxe3 O-O 10.Na3 f5 11.exf5 Nxf5 12.Nxf5 Rxf5 13.Qb3+ d5 14.O-O-O 
Rf8 15.Qxd5+ Kh8 16.Bd3 Qh6+ 17.Kb1 Be6 18.Qc5 b6 19.Qf2 Ne5 20.Bc2 Ng4 
21.Qd2 Ne3 22.Be4 Bf5 23.Rde1 Bxe4+ 24.fxe4 Rad8 25.Qe2 Qg5 26.g3 Ng4 27.
h4 Qg6 28.Rhf1 Rxf1 29.Qxf1 Nf6 30.Qf4 Re8 31.Nb5 Rxe4 32.Rxe4 h5 33.Nd4 
Nxe4 34.Kc1 Nxg3 35.Qxc7 Qd3 36.Qf7 Kh7 37.a4 Qe3+ 38.Kd1 Qg1+ 39.Kc2 Qh2+
40.Kb3 Qxh4 41.Qxa7 Qf6 42.Qd7 h4 43.Qg4 Kh6 44.a5 bxa5 45.c4 Qb6+ 46.Ka2 
g5 47.Ne6 Qe3 48.c5 Ne4 49.c6 a4 50.c7 Qb3+ 51.Ka1 a3 52.bxa3 Qxa3+ 53.Kb1
Qb4+ 54.Ka1 Qc3+ 55.Ka2 Qd2+ 56.Ka1 Nd6 57.Kb1 Qe1+ 58.Kc2 Qf2+ 59.Kd3 
Qf1+ 60.Kc2 Qf6 61.Kd3 Kg6 62.Ke2 Qb2+ 63.Kf1 Qc1+ 64.Kg2 Kf6 65.Nd4 Qc4 
66.Kh3 Kg6 67.Nf3 Qf1+ 68.Kh2 Qe2+ 69.Kh3 Qe3 70.Kh2 Kf6 71.Nxh4 1/2-1/2

[Event "26th Rilton Cup"]
[Site "Stockholm SWE"]
[Date "1996.12.27"]
[Round "1.15"]
[White "Gausel, Einar"]
[Black "Vihinen, Teemu"]
[Result "1-0"]
[WhiteElo "2520"]
[BlackElo "2145"]
[EventDate "1996.12.27"]
[PlyCount "65"]

1.Nf3 e6 2.c4 f5 3.g3 Nf6 4.Bg2 Be7 5.O-O O-O 6.d3 d6 7.Nc3 e5 8.Rb1 a5 9.
a3 h6 10.b4 axb4 11.axb4 g5 12.Qb3 Kh7 13.Bb2 Nbd7 14.Ra1 Rb8 15.Ra7 Nb6 
16.b5 Be6 17.Qc2 Qe8 18.Rfa1 Qh5 19.c5 dxc5 20.Nxe5 Bc8 21.Na4 Nxa4 22.
R1xa4 Qe8 23.R4a5 Nd7 24.Nc4 Bf6 25.Ra8 Rxa8 26.Rxa8 Qe7 27.Ra7 Bxb2 28.
Qxb2 Nb6 29.Bxb7 Nxc4 30.dxc4 Be6 31.Qe5 Qd6 32.Qxd6 cxd6 33.Bd5+ 1-0

[Event "26th Rilton Cup"]
[Site "Stockholm SWE"]
[Date "1996.12.27"]
[Round "1.18"]
[White "Aakesson, Ralf"]
[Black "Johansson, Toni"]
[Result "1/2-1/2"]
[WhiteElo "2500"]
[BlackElo "2120"]
[EventDate "1996.12.27"]
[PlyCount "83"]

1.d4 Nf6 2.c4 c5 3.d5 b5 4.cxb5 a6 5.bxa6 g6 6.Nc3 Bxa6 7.e4 Bxf1 8.Kxf1 
d6 9.g3 Bg7 10.Kg2 O-O 11.Nf3 Nbd7 12.Re1 Qa5 13.h3 Rfb8 14.Re2 Rb4 15.Bg5
h6 16.Bxf6 Bxf6 17.Rc1 Rab8 18.Rcc2 Ne5 19.Nxe5 Bxe5 20.Qc1 Kg7 21.b3 c4 
22.bxc4 Rxc4 23.Nd1 Qxa2 24.Qxh6+ Kxh6 25.Rxa2 Kg7 26.Kf3 Rbb4 27.Rac2 Rd4
28.Rcd2 Rdc4 29.Rc2 Rd4 30.Rcd2 Rdc4 31.Rd3 Bf6 32.h4 Be5 33.Rdd2 Bf6 34.
Rc2 Rd4 35.Rcd2 Rdc4 36.Re1 Be5 37.Re3 Bf6 38.Ree2 Be5 39.Rc2 Rd4 40.Rcd2 
Rdc4 41.Rc2 Rd4 42.Rcd2 1/2-1/2

[Event "26th Rilton Cup"]
[Site "Stockholm SWE"]
[Date "1996.12.27"]
[Round "1.19"]
[White "Kaellgren, Mikael"]
[Black "Degerman, Lars"]
[Result "0-1"]
[WhiteElo "2110"]
[BlackElo "2500"]
[EventDate "1996.12.27"]
[PlyCount "126"]

1.e4 c5 2.Nf3 Nc6 3.d4 cxd4 4.Nxd4 Nf6 5.Nc3 d6 6.Bg5 e6 7.Qd2 a6 8.O-O-O 
h6 9.Bf4 Bd7 10.Bxd6 Bxd6 11.Nxc6 Bxc6 12.Qxd6 Qxd6 13.Rxd6 Bxe4 14.f3 Bc6
15.Bc4 Ke7 16.Rd4 b5 17.Bb3 g5 18.Re1 h5 19.Rd3 Rad8 20.Rde3 Rd6 21.a4 g4 
22.axb5 axb5 23.Re5 Ra8 24.Kb1 b4 25.Nb5 Bxb5 26.Rxb5 Rda6 27.Kc1 Rd8 28.
Kb1 Rd2 29.fxg4 hxg4 30.Rb7+ Nd7 31.Bc4 Rb6 32.Rxb6 Nxb6 33.Be2 f5 34.Bd3 
Kd6 35.Re2 Rxe2 36.Bxe2 Nd5 37.h4 Nf4 38.Bf1 e5 39.Kc1 e4 40.Kd2 Ke5 41.c3
bxc3+ 42.bxc3 g3 43.Ke3 Nd5+ 44.Kd2 f4 45.h5 Ne3 46.Ke1 Kf6 47.c4 Kg5 48.
c5 Kxh5 49.c6 Nd5 50.Bc4 Nc7 51.Ke2 Kg4 52.Bb3 Kf5 53.Bg8 Ke5 54.Kf1 Kd4 
55.Ke2 Nb5 56.Bf7 Ke5 57.Kf1 Kd6 58.Bg6 Nc3 59.Be8 f3 60.Bh5 f2 61.Be8 e3 
62.Bh5 Ne4 63.Be2 Nd2# 0-1

[Event "26th Rilton Cup"]
[Site "Stockholm SWE"]
[Date "1996.12.27"]
[Round "1.20"]
[White "Schandorff, Lars"]
[Black "Norqvist, Joergen"]
[Result "1-0"]
[BlackElo "2110"]
[WhiteElo "2495"]
[EventDate "1996.12.27"]
[PlyCount "53"]

1.d4 d6 2.e4 Nf6 3.Nc3 e5 4.dxe5 dxe5 5.Qxd8+ Kxd8 6.Bg5 c6 7.O-O-O+ Kc7 
8.Nf3 Bd6 9.Bc4 Be6 10.Bxe6 fxe6 11.Bh4 Nbd7 12.Bg3 h6 13.Rd2 Bb4 14.Nxe5 
Nxe5 15.Bxe5+ Kb6 16.f3 Ka6 17.Rhd1 Rhf8 18.Rd3 Rf7 19.a3 Ba5 20.Na4 Bb6 
21.c4 Re8 22.b4 Ree7 23.Kc2 Nd7 24.Bc3 e5 25.Rb1 g5 26.b5+ cxb5 27.cxb5# 
1-0

[Event "26th Rilton Cup"]
[Site "Stockholm SWE"]
[Date "1996.12.27"]
[Round "1.21"]
[White "Hanoman, Tony"]
[Black "Hellsten, Johan"]
[Result "0-1"]
[WhiteElo "1990"]
[BlackElo "2490"]
[EventDate "1996.12.27"]
[PlyCount "52"]

1.e4 c5 2.Nf3 e6 3.d4 cxd4 4.Nxd4 a6 5.Bd3 Nf6 6.O-O Qc7 7.Nc3 Bc5 8.Be3 
d6 9.Qe2 Nbd7 10.f4 b5 11.Nb3 Bxe3+ 12.Qxe3 O-O 13.h3 e5 14.Rae1 Bb7 15.a3
Rfe8 16.f5 Rac8 17.Rf2 d5 18.Nxd5 Bxd5 19.exd5 e4 20.Bf1 Nxd5 21.Qd4 N7f6 
22.Rfe2 e3 23.c3 Re4 24.Qd1 Qg3 25.Qc1 Rce8 26.Nd4 Nf4 0-1

[Event "26th Rilton Cup"]
[Site "Stockholm SWE"]
[Date "1996.12.27"]
[Round "1.22"]
[White "Wedberg, Tom"]
[Black "Bodin, Stefan"]
[Result "1-0"]
[WhiteElo "2480"]
[BlackElo "2100"]
[EventDate "1996.12.27"]
[PlyCount "83"]

1.e4 Nc6 2.d4 d5 3.e5 Bf5 4.c3 Qd7 5.Nd2 f6 6.f4 e6 7.Ndf3 Nh6 8.Ne2 Be7 
9.Ng3 Be4 10.Be2 O-O 11.exf6 gxf6 12.O-O Kh8 13.Nxe4 dxe4 14.Nd2 f5 15.Nc4
Rg8 16.Ne3 Rad8 17.Kh1 Bf6 18.Qe1 Ne7 19.h3 Ng6 20.Qf2 Rg7 21.Rg1 Rdg8 22.
Bd2 c6 23.Raf1 Qd8 24.g4 Bh4 25.Qh2 c5 26.Bc4 Re8 27.dxc5 Qc7 28.b4 Bd8 
29.Be2 Rd7 30.Bb5 Rxd2 31.Qxd2 Rf8 32.gxf5 Nxf5 33.Nxf5 exf5 34.Qd7 Qxd7 
35.Bxd7 Bc7 36.Rg5 Nxf4 37.Rxf5 Rxf5 38.Bxf5 e3 39.Rf3 e2 40.Re3 Nh5 41.
Bg4 Ng3+ 42.Kg2 1-0

[Event "26th Rilton Cup"]
[Site "Stockholm SWE"]
[Date "1996.12.27"]
[Round "1.23"]
[White "Persson, Lars"]
[Black "Agrest, Evgenij"]
[Result "0-1"]
[WhiteElo "2095"]
[BlackElo "2475"]
[EventDate "1996.12.27"]
[PlyCount "176"]

1.d4 Nf6 2.c4 e6 3.Nc3 Bb4 4.e3 c5 5.Ne2 cxd4 6.exd4 d5 7.a3 Be7 8.Nf4 O-O
9.cxd5 Nxd5 10.Ncxd5 exd5 11.Be2 Nc6 12.O-O Bd6 13.Bf3 Be6 14.g3 Bxf4 15.
Bxf4 Qb6 16.Bd6 Rfe8 17.Bc5 Qd8 18.Bb4 Qf6 19.Bc3 Rad8 20.Bg2 Rd7 21.Qd2 
Ne7 22.Rae1 Rc8 23.Re5 Nc6 24.Re3 a6 25.Rfe1 h6 26.Bf1 Bf5 27.Re8+ Rxe8 
28.Rxe8+ Kh7 29.Bg2 Be6 30.Qd3+ Qg6 31.Qd1 Ne7 32.Bf1 Bf5 33.Qe1 Nc6 34.
Qe3 Qg5 35.Qe1 Qf6 36.Qd2 Ne7 37.Qe3 Ng6 38.Bg2 Qc6 39.Qe1 Be6 40.Qb1 Rd6 
41.Bb4 Qxe8 42.Bxd6 Qd7 43.Bf4 Bf5 44.Qc1 Be4 45.Qc7 Qxc7 46.Bxc7 Bxg2 47.
Kxg2 Nf8 48.f3 Kg6 49.Kf2 Ne6 50.Bb6 h5 51.Ke3 Kf5 52.Ba5 g5 53.Bb6 g4 54.
f4 h4 55.Ba5 h3 56.Be1 Ng7 57.a4 Ke6 58.b3 Nf5+ 59.Kd3 Kd7 60.Bf2 Kc6 61.
Kc3 Nd6 62.Be1 Nf5 63.Bf2 Kc7 64.Kd3 Kb6 65.Be1 Kc6 66.Bf2 b5 67.axb5+ 
Kxb5 68.Kc3 Nd6 69.Be1 a5 70.Kc2 a4 71.bxa4+ Kxa4 72.Kc3 Nb5+ 73.Kd3 f5 
74.Bd2 Kb3 75.Be1 Nd6 76.Bf2 Ne4 77.Be1 Kb2 78.Ke3 Kc1 79.Ke2 Kc2 80.Ke3 
Kd1 81.Bf2 Nxf2 82.Kxf2 Kd2 83.Kf1 Kd3 84.Ke1 Kxd4 85.Kd2 Ke4 86.Ke2 d4 
87.Ke1 Ke3 88.Kf1 Kf3 0-1

[Event "26th Rilton Cup"]
[Site "Stockholm SWE"]
[Date "1996.12.27"]
[Round "1.24"]
[White "Hamark, Jesper"]
[Black "Gretarsson, Helgi Ass"]
[Result "0-1"]
[WhiteElo "2270"]
[BlackElo "2465"]
[EventDate "1996.12.27"]
[PlyCount "86"]

1.c4 e5 2.Nc3 Nf6 3.Nf3 Nc6 4.e4 Bb4 5.d3 O-O 6.g3 d6 7.Bg2 Nd4 8.Nxd4 
exd4 9.a3 Ba5 10.b4 c5 11.Na2 Bc7 12.O-O a6 13.Bd2 Be6 14.f4 b6 15.Nc1 Rb8
16.f5 Bc8 17.g4 b5 18.g5 Nd7 19.Qh5 Re8 20.f6 Ne5 21.fxg7 bxc4 22.dxc4 Bg4
23.Qh4 Be6 24.Ne2 Bxc4 25.Ng3 Ng6 26.Qh6 Qd7 27.Nh5 Bd8 28.Bh3 Qxh3 29.
Nf6+ Bxf6 30.Qxh3 Bxg7 31.Rf6 Rxe4 32.Re1 Rxe1+ 33.Bxe1 Re8 34.Bd2 Bf8 35.
Qg3 Re4 36.Rf2 Be6 37.h3 Re5 38.Rf4 Re2 39.Rf2 Re4 40.Bf4 c4 41.h4 d3 42.
h5 c3 43.Be5 d2 0-1

[Event "26th Rilton Cup"]
[Site "Stockholm SWE"]
[Date "1996.12.27"]
[Round "1.25"]
[White "Boerge, Nikolaj"]
[Black "Jiretorn, Eva"]
[Result "1-0"]
[WhiteElo "2455"]
[BlackElo "2085"]
[EventDate "1996.12.27"]
[PlyCount "93"]

1.e4 c5 2.Nf3 d6 3.d4 cxd4 4.Nxd4 Nf6 5.Nc3 g6 6.Be3 Bg7 7.f3 O-O 8.Bc4 
Nc6 9.Qe2 Nd7 10.O-O-O Nxd4 11.Bxd4 Bxd4 12.Rxd4 a6 13.h4 Ne5 14.Bb3 h5 
15.Qe3 Be6 16.Qh6 Bxb3 17.axb3 e6 18.Qd2 Rc8 19.Rxd6 Qa5 20.Kb1 Rc6 21.Nd1
Qc7 22.Rd4 Rc8 23.Ne3 b5 24.Rd1 Qe7 25.Rd8+ Rxd8 26.Qxd8+ Qxd8 27.Rxd8+ 
Kg7 28.f4 Ng4 29.Nxg4 hxg4 30.e5 g3 31.Rd3 Kh6 32.Rxg3 Kh5 33.Rd3 Kxh4 34.
Rd7 Kg3 35.Rxf7 Kxg2 36.Rd7 Kf3 37.Rd6 Rc5 38.Rxe6 Kxf4 39.Rxg6 Kxe5 40.
Rxa6 Kd5 41.Rb6 Kd4 42.c3+ Kd3 43.Rd6+ Ke4 44.b4 Rh5 45.Kc2 Rg5 46.Kb3 Rh5
47.Rc6 1-0

[Event "26th Rilton Cup"]
[Site "Stockholm SWE"]
[Date "1996.12.27"]
[Round "1.27"]
[White "Sjoeberg, Mats"]
[Black "Fant, Goeran"]
[Result "1-0"]
[WhiteElo "2430"]
[BlackElo "2080"]
[EventDate "1996.12.27"]
[PlyCount "53"]

1.d4 e6 2.c4 f5 3.Nc3 Nf6 4.Nf3 Bb4 5.Qb3 Bxc3+ 6.Qxc3 O-O 7.g3 d6 8.b3 
Nc6 9.Bg2 Qe8 10.Bb2 Ne4 11.Qe3 Qg6 12.O-O d5 13.Qf4 Rf7 14.Rac1 Qf6 15.h4
h6 16.h5 Qd8 17.Rfd1 Nf6 18.Qh4 Qe8 19.Ne5 Nxe5 20.dxe5 Ne4 21.cxd5 exd5 
22.Rxd5 Be6 23.Rd4 c6 24.Rcd1 Bd5 25.g4 Qxe5 26.gxf5 Nf6 27.e4 1-0

[Event "26th Rilton Cup"]
[Site "Stockholm SWE"]
[Date "1996.12.27"]
[Round "1.28"]
[White "Livner, Anders"]
[Black "Aastroem, Robert"]
[Result "1/2-1/2"]
[WhiteElo "2080"]
[BlackElo "2425"]
[EventDate "1996.12.27"]
[PlyCount "146"]

1.d4 Nf6 2.c4 e6 3.Nc3 Bb4 4.e3 O-O 5.Bd3 c5 6.Ne2 cxd4 7.exd4 d5 8.cxd5 
Nxd5 9.O-O Nc6 10.a3 Bd6 11.Ne4 Be7 12.Bc2 b6 13.Qd3 g6 14.Bh6 Re8 15.Rac1
Bb7 16.Rfd1 Rc8 17.Ba4 Nf6 18.N2c3 Nxe4 19.Nxe4 Qd5 20.Nc3 Qh5 21.Be3 Red8
22.Qb5 Qxb5 23.Bxb5 Na5 24.d5 Nb3 25.Rc2 Bf8 26.Bg5 Rd6 27.Bf4 Rdd8 28.Bg5
f6 29.Bxf6 Rxd5 30.Nxd5 Rxc2 31.Ne3 Rd2 32.Bc4 Rxd1+ 33.Nxd1 Kf7 34.Bc3 
Nc5 35.f3 Bd6 36.Ne3 Ke7 37.Ng4 Na4 38.Bd4 Bc6 39.Ne5 Be8 40.Nd3 b5 41.Ba2
Nb6 42.f4 Bc6 43.g3 Be4 44.Ne5 b4 45.axb4 Bxb4 46.Kf2 Bd6 47.Bb3 Bb7 48.
Nc4 Nxc4 49.Bxc4 a5 50.Bc3 Bc5+ 51.Kf1 Bb6 52.Bb5 Kd6 53.b4 axb4 54.Bxb4+ 
Kd5 55.Be1 Ke4 56.Bf2 Ba5 57.Ke2 Kf5 58.Be1 Bc7 59.Be8 Kg4 60.Bf7 Bd5 61.
Bg8 h6 62.Bf7 Bc4+ 63.Kd1 Kf5 64.Be8 Bb6 65.Bc6 Bg1 66.h3 Bf1 67.h4 Kg4 
68.Be4 Bh2 69.Bxg6 Bxg3 70.Bf7 Bc4 71.Bxg3 Kxg3 72.f5 exf5 73.Bxc4 Kxh4 
1/2-1/2

[Event "26th Rilton Cup"]
[Site "Stockholm SWE"]
[Date "1996.12.27"]
[Round "1.29"]
[White "Antonsen, Mikkel"]
[Black "Landgren, Andreas"]
[Result "1-0"]
[WhiteElo "2410"]
[BlackElo "2075"]
[EventDate "1996.12.27"]
[PlyCount "64"]

1.d4 Nf6 2.c4 e6 3.Nc3 Bb4 4.Qc2 O-O 5.a3 Bxc3+ 6.Qxc3 Ne4 7.Qc2 f5 8.e3 
c5 9.dxc5 a5 10.b3 Nc6 11.Nf3 Qe7 12.Rb1 Nxc5 13.b4 axb4 14.axb4 Ne4 15.c5
b6 16.cxb6 Nxb4 17.Qb3 Bb7 18.Bc4 Nd5 19.O-O Nec3 20.Rb2 Ra3 21.Qc2 Rc8 
22.Bxd5 Nxd5 23.Qd2 Qc5 24.Rb1 Ra6 25.Bb2 Nxb6 26.Bd4 Qc6 27.Qb4 e5 28.
Bxb6 Ra4 29.Qb3+ Kh8 30.Bd4 exd4 31.Qxb7 Qxb7 32.Rxb7 d3 1-0

[Event "26th Rilton Cup"]
[Site "Stockholm SWE"]
[Date "1996.12.27"]
[Round "1.33"]
[White "Engqvist, Thomas"]
[Black "Vaerk, Liina"]
[Result "1-0"]
[WhiteElo "2375"]
[BlackElo "2040"]
[EventDate "1996.12.27"]
[PlyCount "37"]

1.d4 Nf6 2.Nf3 g6 3.c4 d5 4.cxd5 Nxd5 5.e4 Nb6 6.h3 Bg7 7.Nc3 O-O 8.Be2 c5
9.d5 e6 10.Bg5 f6 11.Be3 exd5 12.exd5 N6d7 13.O-O b6 14.d6 Bb7 15.Nd5 Na6 
16.Bc4 Kh8 17.Re1 Rc8 18.Nf4 Bxf3 19.gxf3 1-0

[Event "26th Rilton Cup"]
[Site "Stockholm SWE"]
[Date "1996.12.27"]
[Round "1.34"]
[White "Belokon, Artur"]
[Black "Maidla, Vallo"]
[Result "1/2-1/2"]
[WhiteElo "2035"]
[BlackElo "2375"]
[EventDate "1996.12.27"]
[PlyCount "131"]

1.e4 e5 2.Nf3 Nc6 3.Bb5 d6 4.d4 exd4 5.Nxd4 Bd7 6.Bxc6 bxc6 7.O-O g6 8.c4 
Bg7 9.Nc3 Nf6 10.Bg5 h6 11.Bf4 O-O 12.h3 Re8 13.Re1 Nh5 14.Be3 c5 15.Nde2 
Qh4 16.Qd2 Kh7 17.Rac1 Rab8 18.b3 a5 19.f3 a4 20.Bf2 Qd8 21.Rb1 axb3 22.
axb3 Bc6 23.Rec1 Qd7 24.Rd1 f5 25.exf5 Qxf5 26.Qd3 Qxd3 27.Rxd3 Rb4 28.g4 
Nf6 29.Nc1 Reb8 30.Ra1 Nd7 31.Bg3 g5 32.Ra6 Bd4+ 33.Kf1 R4b6 34.Ra7 R8b7 
35.Rxb7 Rxb7 36.N3e2 Ne5 37.Bxe5 Bxe5 38.Kf2 Ra7 39.Rd2 Kg6 40.Kg2 Kf6 41.
Ra2 Rxa2 42.Nxa2 Bb2 43.Nac3 Bxc3 44.Nxc3 Ke5 45.Ne2 d5 46.Kg3 dxc4 47.
bxc4 Be8 48.h4 Bf7 49.hxg5 hxg5 50.f4+ gxf4+ 51.Nxf4 Bxc4 52.Kf3 Kd4 53.g5
Bg8 54.Ke2 Ke4 55.Nh5 Bf7 56.Nf6+ Kd4 57.Kd2 c4 58.Ng4 Ke4 59.Kc3 Kf4 60.
Nf2 Kxg5 61.Ne4+ Kf4 62.Nd2 Ke5 63.Nxc4+ Bxc4 64.Kxc4 Kd6 65.Kd4 Kc6 66.
Kc4 1/2-1/2

[Event "26th Rilton Cup"]
[Site "Stockholm SWE"]
[Date "1996.12.27"]
[Round "1.37"]
[White "Raud, Rainek"]
[Black "Evertsson, Kristian"]
[Result "1-0"]
[WhiteElo "2365"]
[BlackElo "2020"]
[EventDate "1996.12.27"]
[PlyCount "59"]

1.g3 h5 2.Nf3 Nc6 3.d4 d5 4.Bg2 Bf5 5.c4 e6 6.O-O Be7 7.Nc3 h4 8.Bf4 g5 9.
Be3 g4 10.Ne5 Nxe5 11.dxe5 c6 12.Qb3 b6 13.Rfd1 hxg3 14.hxg3 Rb8 15.cxd5 
cxd5 16.Nb5 Rb7 17.Rac1 Kf8 18.Bf4 Rd7 19.Nd6 Bxd6 20.exd6 f6 21.Rc7 e5 
22.Rdc1 Qe8 23.Bd2 Be6 24.Rxd7 Qxd7 25.Rc7 Qe8 26.d7 Bxd7 27.Qxd5 Ke7 28.
Bb4+ Kd8 29.Rxa7 Ne7 30.Qd6 1-0

[Event "26th Rilton Cup"]
[Site "Stockholm SWE"]
[Date "1996.12.27"]
[Round "1.38"]
[White "Johansson, Robin"]
[Black "Ingbrant, Johan"]
[Result "0-1"]
[WhiteElo "2020"]
[BlackElo "2355"]
[EventDate "1996.12.27"]
[PlyCount "98"]

1.e4 e5 2.d4 exd4 3.Qxd4 Nc6 4.Qe3 Bb4+ 5.Bd2 Nf6 6.Nc3 O-O 7.O-O-O Re8 8.
Bc4 d6 9.f3 Ne5 10.Bb3 a5 11.a3 Bc5 12.Qe1 b5 13.Bg5 h6 14.Bh4 c6 15.a4 b4
16.Nce2 Ng6 17.Bg3 Qe7 18.h4 h5 19.Nf4 Nxf4 20.Bxf4 d5 21.Nh3 Bxh3 22.Rxh3
dxe4 23.fxe4 Qxe4 24.Qxe4 Rxe4 25.Bg5 Ng4 26.Rhd3 Rae8 27.Rd7 Ne5 28.Rc7 
Rf8 29.Kb1 Kh8 30.Rf1 Bb6 31.Rb7 Bd4 32.Be7 Re8 33.Bd6 f6 34.Rf5 Rxh4 35.
Bxe5 Rxe5 36.Rb8+ Kh7 37.Rf3 Rh1+ 38.Ka2 Ree1 39.Bg8+ Kh6 40.Kb3 Rb1 41.
Kc4 Be5 42.Ra8 Rxb2 43.Kd3 Rbb1 44.Be6 g6 45.Rxa5 Rhd1+ 46.Kc4 Rd2 47.Kc5 
Rxc2+ 48.Kb6 b3 49.Bxb3 Rcb2 0-1

[Event "26th Rilton Cup"]
[Site "Stockholm SWE"]
[Date "1996.12.27"]
[Round "1.39"]
[White "Lindberg, Bengt"]
[Black "Staflin, Soeren"]
[Result "1-0"]
[WhiteElo "2355"]
[BlackElo "2020"]
[EventDate "1996.12.27"]
[PlyCount "77"]

1.e4 d5 2.exd5 Qxd5 3.Nc3 Qa5 4.d4 Nf6 5.Nf3 Bg4 6.h3 Bh5 7.g4 Bg6 8.Ne5 
e6 9.Bg2 c6 10.Qe2 Bb4 11.Bd2 Nbd7 12.Nc4 Qa6 13.a3 Nb6 14.Nxb6 axb6 15.
Qe5 O-O 16.Rc1 Bxc3 17.Bxc3 Nd5 18.Bd2 f6 19.Qe2 Qxe2+ 20.Kxe2 b5 21.f4 
Rae8 22.Kf2 Rd8 23.b3 Rd7 24.c4 bxc4 25.bxc4 Nb6 26.Bb4 Re8 27.Rhd1 e5 28.
Ba5 Na4 29.dxe5 Rxd1 30.Rxd1 fxe5 31.fxe5 Rxe5 32.Rd8+ Kf7 33.Bd2 h6 34.
Bf4 Re7 35.Bd6 Re8 36.Rxe8 Kxe8 37.c5 Kd7 38.Be5 Nxc5 39.Bxg7 1-0

[Event "26th Rilton Cup"]
[Site "Stockholm SWE"]
[Date "1996.12.27"]
[Round "1.40"]
[White "Bergqvist, Mats"]
[Black "Sandstroem, Ludvig"]
[Result "0-1"]
[WhiteElo "2015"]
[BlackElo "2355"]
[EventDate "1996.12.27"]
[PlyCount "86"]

1.e4 Nf6 2.e5 Nd5 3.d4 d6 4.exd6 cxd6 5.Nf3 g6 6.Be2 Bg7 7.O-O O-O 8.c4 
Nb6 9.h3 Nc6 10.Nc3 Bf5 11.Bg5 h6 12.Be3 d5 13.b3 dxc4 14.bxc4 Na5 15.Qc1 
Naxc4 16.Bxh6 Rc8 17.Bxg7 Kxg7 18.Bxc4 Nxc4 19.Qf4 Qd6 20.Qxd6 Nxd6 21.
Rac1 Rc4 22.g4 Rfc8 23.Ne2 Bd3 24.Rxc4 Bxc4 25.Re1 Bxa2 26.Nf4 e6 27.Ra1 
Rc2 28.Ne1 Rd2 29.Nf3 Rb2 30.Kg2 Bc4 31.Rxa7 Ne4 32.Ra3 Rxf2+ 33.Kg1 Rb2 
34.Re3 Bd5 35.Ne5 Rb4 36.Rd3 b5 37.Nd7 Rb1+ 38.Kh2 Nf2 39.Ra3 b4 40.Ra7 
Rb2 41.Kg1 b3 42.Ne5 Nxh3+ 43.Nxh3 Rg2+ 0-1